000 01464nam a2200349Ia 4500
001 ebr10288755
003 CaPaEBR
006 m u
007 cr cn|||||||||
008 081124s2009 enka sb 001 0 eng d
010 _z 2008049050
020 _z9780754664987
020 _z0754664988
020 _z9780754693390
020 _z0754693392
040 _aCaPaEBR
_cCaPaEBR
035 _a(OCoLC)646810253
050 1 4 _aDF803
_b.M35 2009eb
245 0 4 _aThe making of modern Greece
_h[electronic resource] :
_bnationalism, Romanticism, & the uses of the past (1797-1896) /
_cedited by Roderick Beaton & David Ricks.
260 _aFarnham, U.K. ;
_aBurlington, VT :
_bAshgate,
_cc2009.
300 _axiv, 270 p. :
_bill.
490 1 _aPublications of the Centre for Hellenic Studies, King's College London
504 _aIncludes bibliographical references and index.
533 _aElectronic reproduction.
_bPalo Alto, Calif. :
_cebrary,
_d2011.
_nAvailable via World Wide Web.
_nAccess may be limited to ebrary affiliated libraries.
650 0 _aNationalism
_zGreece
_xHistory
_y19th century.
655 7 _aElectronic books.
_2local
700 1 _aBeaton, Roderick.
700 1 _aRicks, David.
710 2 _aebrary, Inc.
830 0 _aPublications (King's College London. Centre for Hellenic Studies) ;
_v11.
856 4 0 _uhttp://site.ebrary.com/lib/rucke/Doc?id=10288755
_zAn electronic book accessible through the World Wide Web; click to view
999 _c573
_d573